[Event "FIN-chT 2223"]
[Site "Finland"]
[Date "2022.11.12"]
[Round "6.8"]
[White "Pihlajamaki, Seppo"]
[Black "Alho, Sauli"]
[Result "1-0"]
[WhiteElo "1947"]
[BlackElo "2145"]
[PlyCount "111"]
[EventDate "2022.09.24"]
[EventType "team-tourn"]
[EventRounds "11"]
[EventCountry "FIN"]
[SourceTitle "EXT 2024"]
[Source "ChessBase"]
[SourceDate "2023.10.10"]
[SourceVersion "1"]
[SourceVersionDate "2023.10.10"]
[SourceQuality "1"]
[WhiteTeam "Vammala SK"]
[BlackTeam "Helsinki Ninja"]
[WhiteTeamCountry "FIN"]
[BlackTeamCountry "FIN"]

1. e4 c5 2. Nf3 a6 3. c3 d5 4. exd5 Qxd5 5. d4 Nc6 6. dxc5 Qxc5 7. Be3 Qa5 8. Bc4 Nf6 9. Nbd2 e6 10. h3 Be7 11. 0-0 0-0 12. Qc2 Bd7 13. Ne4 Ne5 14. Nxe5 Qxe5 15. Nxf6+ Qxf6 16. Rad1 Bc6 17. Bd3 h6 18. Bh7+ Kh8 19. Be4 e5 20. Bxc6 Qxc6 21. Qf5 Bd6 22. Bxh6 Rad8 23. Bg5 Rde8 24. Rfe1 Re6 25. Re4 Rg6 26. h4 Qc8 27. Qf3 Qe6 28. Re2 Kg8 29. Red2 Be7 30. Qxb7 Bxg5 31. hxg5 Rxg5 32. Rd8 Rxd8 33. Rxd8+ Kh7 34. Qe4+ Rg6 35. Rd3 Kg8 36. Rd5 f6 37. Rd3 Rg4 38. Qd5 Qxd5 39. Rxd5 Ra4 40. a3 Kf7 41. Rd7+ Kg6 42. Rb7 a5 43. Kf1 f5 44. Ke2 Kf6 45. Kd3 Rf4 46. f3 e4+ 47. Ke3 exf3 48. gxf3 Ra4 49. Rd7 Rc4 50. Rd5 a4 51. Rb5 g5 52. Rb4 Rxb4 53. axb4 Ke6 54. Kd4 Kd6 55. c4 Kc6 56. Ke5 1-0

[Event "Tampere IT Lionheart"]
[Site "Tampere"]
[Date "2018.07.14"]
[Round "1"]
[White "Bjorkhem, Daniel"]
[Black "Alho, Sauli"]
[Result "0-1"]
[WhiteElo "1902"]
[BlackElo "2159"]
[PlyCount "114"]
[EventDate "2018.07.14"]
[EventType "swiss"]
[EventRounds "4"]
[EventCountry "FIN"]
[SourceTitle "EXT 2022"]
[Source "ChessBase"]
[SourceDate "2021.10.06"]
[SourceVersion "1"]
[SourceVersionDate "2021.10.06"]
[SourceQuality "1"]

1. e4 d5 2. exd5 Qxd5 3. d4 Nc6 4. Nf3 Bg4 5. Be2 e5 6. c4 Qd7 7. d5 Bxf3 8. Bxf3 Nd4 9. Be3 Bb4+ 10. Nc3 Bxc3+ 11. bxc3 Nxf3+ 12. Qxf3 Ne7 13. 0-0 0-0 14. Rfd1 f5 15. c5 e4 16. Qh3 Ng6 17. f4 exf3 18. Qxf3 Rae8 19. Rab1 f4 20. Bf2 Ne5 21. Qh3 Qa4 22. d6 cxd6 23. cxd6 Qxa2 24. d7 Rd8 25. Bh4 Rxd7 26. Re1 f3 27. Kh1 Qxg2+ 28. Qxg2 fxg2+ 29. Kxg2 Rd2+ 30. Kh3 Nf3 31. Rh1 Nxh4 32. Kxh4 b6 33. Ra1 a5 34. Rab1 Rf6 35. Kg4 Rg2+ 36. Kh3 Rg5 37. Kh4 Rc5 38. Rb3 a4 39. Rb4 g5+ 40. Kg4 Rf4+ 41. Rxf4 gxf4 42. Rb1 Rxc3 43. Rxb6 f3 44. Kg3 Kf7 45. Ra6 a3 46. Ra7+ Kg6 47. Ra6+ Kf5 48. Ra4 Ke5 49. h3 Kd5 50. Kf2 Kc5 51. Kg3 Kb5 52. Ra8 Kb4 53. Rb8+ Kc4 54. Rb7 a2 55. Ra7 Kb3 56. Rb7+ Kc2 57. Ra7 Kb2 0-1

[Event "Hameenlinna We HamSK"]
[Site "Hameenlinna"]
[Date "2018.06.21"]
[Round "1"]
[White "Filen, Hannu"]
[Black "Alho, Sauli"]
[Result "1/2-1/2"]
[WhiteElo "1894"]
[BlackElo "2161"]
[PlyCount "150"]
[EventDate "2018.06.21"]
[EventType "swiss"]
[EventRounds "4"]
[EventCountry "FIN"]
[SourceTitle "EXT 2022"]
[Source "ChessBase"]
[SourceDate "2021.10.06"]
[SourceVersion "1"]
[SourceVersionDate "2021.10.06"]
[SourceQuality "1"]

1. d4 Nf6 2. Bf4 e6 3. e3 c5 4. c3 Nc6 5. Nd2 d5 6. Ngf3 Bd6 7. Bg5 h6 8. Bh4 0-0 9. Bd3 e5 10. dxe5 Nxe5 11. Nxe5 Bxe5 12. Nf3 Bc7 13. Bc2 Be6 14. Qd3 g6 15. Qb5 b6 16. Qc6 Qd7 17. Ba4 g5 18. Bg3 Bxg3 19. hxg3 Qxc6 20. Bxc6 Rac8 21. Ne5 Kg7 22. Bb5 Ne4 23. Bd7 Bxd7 24. Nxd7 Rfe8 25. Rd1 d4 26. cxd4 cxd4 27. 0-0 dxe3 28. fxe3 Re7 29. Rf5 Nxg3 30. Re5 Rxe5 31. Nxe5 Re8 32. Nc6 Nf5 33. Nxa7 Rxe3 34. Nc8 Re2 35. g4 Ne3 36. Rd7 Rxb2 37. Nd6 Nxg4 38. Nxf7 Kg6 39. Rb7 Rxa2 40. Nh8+ Kh5 41. Rxb6 Ne5 42. Rb3 Kg4 43. Rb4+ Kg3 44. Rb3+ Kh4 45. Rb6 h5 46. Rb5 Ra8 47. Rxe5 Rxh8 48. Re4+ g4 49. Kg2 Ra8 50. Re2 Ra5 51. Rb2 Kg5 52. Kh2 h4 53. Kg2 h3+ 54. Kg3 Ra3+ 55. Kh2 Kh4 56. Rb4 Ra2+ 57. Kh1 Rf2 58. Kg1 Rf3 59. Kh2 Rc3 60. Ra4 Rf3 61. Rb4 Rf2+ 62. Kg1 h2+ 63. Kh1 Rf1+ 64. Kxh2 Rf2+ 65. Kg1 Rc2 66. Ra4 Kh3 67. Ra3+ g3 68. Ra1 Rg2+ 69. Kh1 Rc2 70. Kg1 Rc3 71. Rb1 Kg4 72. Ra1 Kf3 73. Rf1+ Kg4 74. Ra1 Kf3 75. Rf1+ Kg4 1/2-1/2

[Event "Kuopio op-A 40th"]
[Site "Kuopio"]
[Date "2018.04.29"]
[Round "3"]
[White "Alho, Sauli"]
[Black "Lahtinen, Markku"]
[Result "1/2-1/2"]
[WhiteElo "2076"]
[BlackElo "2251"]
[PlyCount "102"]
[EventDate "2018.04.28"]
[EventType "swiss"]
[EventRounds "4"]
[EventCountry "FIN"]
[SourceTitle "EXT 2019"]
[Source "ChessBase"]
[SourceDate "2018.10.10"]
[SourceVersion "1"]
[SourceVersionDate "2018.10.10"]
[SourceQuality "1"]

1. e4 c5 2. Nf3 d6 3. Bb5+ Nd7 4. d4 cxd4 5. Qxd4 a6 6. Bxd7+ Bxd7 7. Nc3 e5 8. Qd3 Bc6 9. Nd5 Bxd5 10. Qxd5 Qc7 11. c4 Nf6 12. Qd3 Qc6 13. Nd2 Be7 14. 0-0 0-0 15. Re1 b5 16. b3 Nd7 17. Ba3 Nc5 18. Bxc5 Qxc5 19. Rac1 Rfc8 20. g3 Bg5 21. Red1 b4 22. Rc2 a5 23. Nf1 Ra6 24. h4 Bh6 25. Nh2 g6 26. Ng4 Bf8 27. Nf6+ Kg7 28. Qf3 Qa7 29. Rcd2 Qe7 30. Nd5 Qe6 31. h5 Ra7 32. Kg2 f5 33. Rh1 Rf7 34. hxg6 Qxg6 35. exf5 Rxf5 36. Qe2 Re8 37. Rh4 h5 38. Rd1 Be7 39. Nxe7 Rxe7 40. Qe3 Ref7 41. Rd2 Qf6 42. Qb6 Qh6 43. f4 exf4 44. Rxf4 Rxf4 45. gxf4 Rxf4 46. Qc7+ Kh8 47. Qd8+ Rf8 48. Qxd6 Qg5+ 49. Kh2 Qh4+ 50. Kg1 Qe1+ 51. Kh2 Qh4+ 1/2-1/2

[Event "Kuopio op-A 40th"]
[Site "Kuopio"]
[Date "2018.04.28"]
[Round "2"]
[White "Westerinen, Heikki MJ"]
[Black "Alho, Sauli"]
[Result "0-1"]
[WhiteElo "2308"]
[BlackElo "2076"]
[PlyCount "112"]
[EventDate "2018.04.28"]
[EventType "swiss"]
[EventRounds "4"]
[EventCountry "FIN"]
[SourceTitle "EXT 2022"]
[Source "ChessBase"]
[SourceDate "2021.10.06"]
[SourceVersion "1"]
[SourceVersionDate "2021.10.06"]
[SourceQuality "1"]

1. e4 d5 2. exd5 Qxd5 3. Nc3 Qa5 4. Nf3 Nf6 5. d4 c6 6. Bc4 Bf5 7. Bd2 e6 8. 0-0 Nbd7 9. d5 cxd5 10. Nxd5 Qc5 11. Nxf6+ Nxf6 12. Qe2 a6 13. b4 Qc7 14. b5 Bd6 15. bxa6 bxa6 16. Bxa6 0-0 17. Bd3 Ba3 18. Rfb1 Ra4 19. Rb3 Rfa8 20. Rab1 Bf8 21. Rb7 Qc8 22. Ne5 Bxd3 23. cxd3 Rxa2 24. Qe1 Rxd2 25. Nxf7 Bc5 26. Kh1 Ng4 27. h3 Rxf2 28. Ng5 Rf5 29. Qxe6+ Qxe6 30. Nxe6 Nf2+ 31. Kh2 Bd6+ 32. Kg1 Rf7 33. d4 Ne4 34. g4 Re8 35. d5 h6 36. Rxf7 Kxf7 37. Rc1 Ng5 38. Nd4 Nxh3+ 39. Kf1 Nf4 40. Nf5 Be5 41. d6 Rd8 42. Rc7+ Kg6 43. Re7 Bf6 44. Rb7 h5 45. Ne7+ Bxe7 46. dxe7 Re8 47. gxh5+ Kxh5 48. Rb5+ g5 49. Kf2 Rxe7 50. Kf3 Rc7 51. Rb1 Rc3+ 52. Ke4 Nh3 53. Kf5 Rf3+ 54. Ke4 Rf7 55. Rb2 g4 56. Rb8 Kh4 0-1

[Event "FIN-chT2 Gp3 1617"]
[Site "Finland"]
[Date "2017.01.14"]
[Round "5.2"]
[White "Pasanen, Tuomo Tapio"]
[Black "Alho, Sauli"]
[Result "0-1"]
[WhiteElo "2021"]
[BlackElo "2090"]
[PlyCount "42"]
[EventDate "2016.09.17"]
[EventType "team-tourn"]
[EventRounds "6"]
[EventCountry "FIN"]
[SourceTitle "EXT 2019"]
[Source "ChessBase"]
[SourceDate "2018.10.10"]
[SourceVersion "1"]
[SourceVersionDate "2018.10.10"]
[SourceQuality "1"]
[WhiteTeam "Helsinki I-HSK II"]
[BlackTeam "Akaa"]
[WhiteTeamCountry "FIN"]
[BlackTeamCountry "FIN"]

1. d4 Nf6 2. c4 e6 3. Nc3 Bb4 4. e3 0-0 5. Nge2 d5 6. a3 Be7 7. Ng3 b6 8. cxd5 exd5 9. Bd3 Re8 10. 0-0 c5 11. dxc5 bxc5 12. e4 dxe4 13. Ncxe4 Nc6 14. Qf3 Bd7 15. Nxf6+ Bxf6 16. Nh5 Be5 17. Rd1 Nd4 18. Bxh7+ Kxh7 19. Qxf7 Be6 20. Nf6+ Bxf6 21. Qh5+ Kg8 0-1

[Event "Tampere We TammerSh A"]
[Site "Tampere"]
[Date "2016.04.01"]
[Round "1"]
[White "Alho, Sauli"]
[Black "Salminen, Aku"]
[Result "1-0"]
[WhiteElo "2129"]
[BlackElo "1787"]
[PlyCount "35"]
[EventDate "2016.04.01"]
[EventType "swiss"]
[EventRounds "5"]
[EventCountry "FIN"]
[SourceTitle "EXT 2022"]
[Source "ChessBase"]
[SourceDate "2021.10.06"]
[SourceVersion "1"]
[SourceVersionDate "2021.10.06"]
[SourceQuality "1"]

1. e4 c5 2. Nf3 d6 3. Bb5+ Bd7 4. Bxd7+ Nxd7 5. 0-0 Ngf6 6. Re1 g6 7. c3 Bg7 8. d4 0-0 9. Bg5 Qb6 10. Qd2 Rfd8 11. a4 a6 12. Na3 cxd4 13. cxd4 Qc6 14. Rac1 Qxa4 15. Rc4 Qb3 16. Rb4 Qe6 17. d5 Qg4 18. e5 1-0

[Event "Heart of Finland op 25th"]
[Site "Jyvaskyla"]
[Date "2015.07.18"]
[Round "8"]
[White "Annenkov, Kirill"]
[Black "Alho, Sauli"]
[Result "1-0"]
[WhiteElo "2210"]
[BlackElo "2112"]
[PlyCount "43"]
[EventDate "2015.07.13"]
[EventType "swiss"]
[EventRounds "9"]
[EventCountry "FIN"]
[SourceTitle "CBM 167 Extra"]
[Source "ChessBase"]
[SourceDate "2015.09.14"]
[SourceVersion "1"]
[SourceVersionDate "2015.09.14"]
[SourceQuality "1"]

1. d4 Nf6 2. c4 c6 3. Nc3 d5 4. cxd5 cxd5 5. Bf4 a6 6. e3 Nc6 7. Bd3 g6 8. h3 Bg7 9. Nf3 0-0 10. Rc1 e6 11. 0-0 Bd7 12. Qe2 Qe7 13. b3 b5 14. a4 b4 15. Na2 a5 16. Bb5 Rfc8 17. Ba6 Ne4 18. Bxc8 Rxc8 19. Rc2 f6 20. Rfc1 e5 21. Bh2 exd4 22. Nxd4 1-0

[Event "Heart of Finland op 25th"]
[Site "Jyvaskyla"]
[Date "2015.07.16"]
[Round "5"]
[White "Alho, Sauli"]
[Black "Saveliev, Alexei"]
[Result "0-1"]
[WhiteElo "2112"]
[BlackElo "2294"]
[PlyCount "72"]
[EventDate "2015.07.13"]
[EventType "swiss"]
[EventRounds "9"]
[EventCountry "FIN"]
[SourceTitle "CBM 167 Extra"]
[Source "ChessBase"]
[SourceDate "2015.09.14"]
[SourceVersion "1"]
[SourceVersionDate "2015.09.14"]
[SourceQuality "1"]

1. e4 c5 2. Nf3 e6 3. d4 cxd4 4. Nxd4 a6 5. Nc3 Qc7 6. Be2 Nf6 7. 0-0 Nc6 8. Be3 Be7 9. f4 d6 10. Kh1 0-0 11. Qe1 Bd7 12. Qg3 Nxd4 13. Bxd4 Bc6 14. Rad1 b5 15. a3 Rac8 16. e5 dxe5 17. fxe5 Ne4 18. Qg4 Nxc3 19. Bxc3 Bd5 20. Rf4 g6 21. h4 Bxa3 22. Bd3 Bc5 23. h5 b4 24. hxg6 fxg6 25. Rxf8+ Rxf8 26. Bd4 Bxd4 27. Qxd4 a5 28. Qe3 Qe7 29. Qg3 Kg7 30. Ra1 Qc5 31. Qh4 Rf2 32. Rg1 Qe3 33. Qe7+ Rf7 34. Qh4 Rf4 35. Qe7+ Kh6 36. Kh2 Qxe5 0-1

[Event "FIN-chT 1415"]
[Site "Finland"]
[Date "2015.02.07"]
[Round "7.5"]
[White "Hokkanen, Petri"]
[Black "Alho, Sauli"]
[Result "1-0"]
[WhiteElo "2276"]
[BlackElo "2109"]
[PlyCount "65"]
[EventDate "2014.09.27"]
[EventType "team-tourn"]
[EventRounds "11"]
[EventCountry "FIN"]
[SourceTitle "EXT 2016"]
[Source "ChessBase"]
[SourceDate "2015.10.08"]
[SourceVersion "1"]
[SourceVersionDate "2015.10.08"]
[SourceQuality "1"]
[WhiteTeam "Porvoo Velhot"]
[BlackTeam "Sastamala VammSK"]
[WhiteTeamCountry "FIN"]
[BlackTeamCountry "FIN"]

1. e4 d5 2. exd5 Qxd5 3. Nc3 Qa5 4. d4 Nf6 5. Bc4 c6 6. Bd2 Qc7 7. Qe2 Bf5 8. Nf3 b5 9. Bxb5 cxb5 10. Nxb5 Qc6 11. d5 Nxd5 12. Nfd4 Qb6 13. Nxf5 e6 14. c4 Nc7 15. 0-0 Nxb5 16. cxb5 Nd7 17. Rac1 Qd8 18. Bf4 Qf6 19. Nd6+ Bxd6 20. Bxd6 Nb6 21. Rfd1 Rd8 22. Rc7 Rd7 23. Rxd7 Nxd7 24. a4 Qd8 25. h3 Qc8 26. a5 Nf6 27. a6 Nd7 28. Qe3 Nb6 29. Bc5 Qc7 30. b3 Qb8 31. Qd4 e5 32. Qg4 Qc8 33. Bxb6 1-0

[Event "Jyvaskyla Winter Weekend A"]
[Site "Jyvaskyla"]
[Date "2015.01.24"]
[Round "3"]
[White "Alho, Sauli"]
[Black "Nevanlinna, Risto"]
[Result "0-1"]
[WhiteElo "2146"]
[BlackElo "2249"]
[PlyCount "68"]
[EventDate "2015.01.23"]
[EventType "swiss"]
[EventRounds "5"]
[EventCountry "FIN"]
[SourceTitle "EXT 2022"]
[Source "ChessBase"]
[SourceDate "2021.10.06"]
[SourceVersion "1"]
[SourceVersionDate "2021.10.06"]
[SourceQuality "1"]

1. e4 c5 2. Nf3 d6 3. Bb5+ Nd7 4. 0-0 e5 5. c3 Ngf6 6. d4 Qc7 7. Re1 a6 8. Ba4 g6 9. dxe5 dxe5 10. Bg5 Bg7 11. c4 0-0 12. Nc3 h6 13. Bh4 Nb6 14. Bb3 Bg4 15. h3 Rad8 16. Nd5 Nbxd5 17. exd5 Bxf3 18. Qxf3 Qd6 19. Bc2 Rde8 20. Re2 Nh5 21. Bg3 Nxg3 22. Qxg3 f5 23. Rae1 Qf6 24. Qa3 Qb6 25. Re3 e4 26. Rb3 Qc7 27. Rg3 Kh7 28. b4 Bd4 29. Rb3 Qf4 30. Re2 e3 31. fxe3 Rxe3 32. Rbxe3 Re8 33. Kh1 Bxe3 34. Re1 Qf2 0-1

[Event "Jyvaskyla Winter Weekend A"]
[Site "Jyvaskyla"]
[Date "2015.01.24"]
[Round "2"]
[White "Solozhenkina, Elizaveta"]
[Black "Alho, Sauli"]
[Result "0-1"]
[WhiteElo "1736"]
[BlackElo "2146"]
[PlyCount "68"]
[EventDate "2015.01.23"]
[EventType "swiss"]
[EventRounds "5"]
[EventCountry "FIN"]
[SourceTitle "EXT 2022"]
[Source "ChessBase"]
[SourceDate "2021.10.06"]
[SourceVersion "1"]
[SourceVersionDate "2021.10.06"]
[SourceQuality "1"]

1. e4 d5 2. exd5 Qxd5 3. Nc3 Qa5 4. d4 Nf6 5. Nf3 c6 6. Bc4 Bf5 7. Bd2 Qc7 8. Ne5 e6 9. g4 Bg6 10. h4 Nbd7 11. Bf4 Bd6 12. Qe2 b5 13. Bxb5 cxb5 14. Nxb5 Qa5+ 15. Bd2 Bb4 16. c3 a6 17. Nxd7 Nxd7 18. a4 axb5 19. cxb4 Qb6 20. Bc3 Qc6 21. 0-0 Rxa4 22. Rxa4 bxa4 23. Re1 h5 24. g5 0-0 25. Ra1 Nb6 26. Qe5 Nd5 27. Ra3 Bc2 28. Qe2 Bb3 29. Qd2 Nxc3 30. bxc3 Rc8 31. Ra1 Qxc3 32. Qxc3 Rxc3 33. b5 Rc4 34. b6 Rb4 0-1

[Event "FIN-chT 1415"]
[Site "Finland"]
[Date "2014.10.19"]
[Round "4.5"]
[White "Alho, Sauli"]
[Black "Salimaki, Janne"]
[Result "1-0"]
[WhiteElo "2109"]
[BlackElo "2131"]
[PlyCount "141"]
[EventDate "2014.09.27"]
[EventType "team-tourn"]
[EventRounds "11"]
[EventCountry "FIN"]
[SourceTitle "EXT 2016"]
[Source "ChessBase"]
[SourceDate "2015.10.08"]
[SourceVersion "1"]
[SourceVersionDate "2015.10.08"]
[SourceQuality "1"]
[WhiteTeam "Sastamala VammSK"]
[BlackTeam "Espoo MatSK II"]
[WhiteTeamCountry "FIN"]
[BlackTeamCountry "FIN"]

1. e4 e5 2. Nf3 Nc6 3. Bb5 Nf6 4. 0-0 Nxe4 5. Re1 Nd6 6. Bxc6 dxc6 7. Nxe5 Be7 8. d4 0-0 9. Bf4 Be6 10. Nd2 Nf5 11. Ndf3 c5 12. c3 cxd4 13. Nxd4 Nxd4 14. cxd4 c5 15. dxc5 Bxc5 16. Qh5 Qa5 17. Qf3 Rad8 18. a3 Qb6 19. b4 Bd4 20. Rac1 Rd5 21. Qg3 Bf5 22. h4 Bxe5 23. Rxe5 Rxe5 24. Bxe5 Qg6 25. Qe3 a6 26. Rc5 Be4 27. f3 Bc6 28. Bxg7 Re8 29. Re5 Kxg7 30. Rxe8 Bxe8 31. Qxe8 Qg3 32. Qe4 h5 33. Kf1 b5 34. Qe7 Kg6 35. Qd8 Qe5 36. Qg8+ Kh6 37. Qxf7 Qa1+ 38. Kf2 Qxa3 39. Qe6+ Kh7 40. Qf5+ Kg7 41. Qg5+ Kf8 42. Qh6+ Kg8 43. Qg5+ Kf8 44. Qc5+ Kg8 45. Kg3 Qb2 46. Qd6 Qg7+ 47. Kh3 Qb2 48. f4 Qc3+ 49. Kh2 Qe1 50. Qd5+ Kf8 51. Qc5+ Kg8 52. Qg5+ Kf8 53. Qh6+ Kg8 54. Qxh5 Qxb4 55. Qg5+ Kh8 56. f5 Qd6+ 57. g3 Qc5 58. Qf6+ Kg8 59. Qe6+ Kf8 60. Kh3 a5 61. Qf6+ Kg8 62. Qg6+ Kf8 63. f6 Qc7 64. Qh6+ Kg8 65. Qg5+ Kf8 66. Qxb5 Qc8+ 67. Kg2 Qc2+ 68. Kf3 Qc3+ 69. Ke2 Qxg3 70. Qc5+ Kf7 71. Qe7+ 1-0